00871nam a22002177a 450000500170000001000150001702000270003203500140005903700090007308200160008224501240009825000060022226000380022827000900026630000240035670000340038070000320041494200270044699900190047395201610049220251217124510.0 aENG-147362 a9789354425721c2450.00 aEN-130894 bDBAD a363.700521 aEnvironmental Politics at the Local: cEdited By Satyajit Singh [and] Ajit MenonbNatural Resource Governance in India/ a1 aTelenganabOrient BlackSwanc2024 a3-6-752 HimayatNagar, HyderabadbTelenganae500029mcentraloffice@orientblackswan.com axii356p.c22cm.(hb) dSatyajit SinghaEditor986128 dMenon, Ajit aEditor986129 2ddccENh363.7005mENV c213955d213955 001040708NFICaZLSbZLSd2025-12-17eDelivery of Books Act Divisiong2450.00l0o363.7005 ENVpEN-130894r2025-12-17 00:00:00t1v2450.00w2025-12-17yEN